000 00484nam a22001457a 4500
020 _qHB.
040 _cFIZZA ISHAQ
082 _a330.1
_bMIT
100 _a Mitchell , Wesley.
_9134355
245 _aBusiness Cycles: The Problem and Its Setting: Studies in business cycles No. 1 /
_cWesley Mitchell.
250 _a13th Printing.
260 _aNew York:
_bNational Bureau of Economic Research ,
_c1949.
300 _axxii ; 489 P. ;
_c ‎ 7.87 x 5.91 x 0.79 inches
942 _2ddc
_cBK
999 _c617335
_d617335